000
00318nam a2200157Ia 4500
100
_a
Verma/C.S
650
_a
Computer graphics
942
_c
BK
366
_f
20
245
_a
Computer Graphics
260
_b
Ane Books
_c
2012
082
_a
6.6
_b
VER
300
_a
167
546
_a
ENGLISH
_c
Computers
999
_c
25034
_d
25034